| 000 | 00525nam a2200205Ia 4500 | ||
|---|---|---|---|
| 003 | GCL | ||
| 008 | 140319s9999 xx 000 0 aITALIAN d | ||
| 040 |
_aGCL / _cGCL |
||
| 082 | 0 | 4 |
_a069 _bN H |
| 100 | 1 | _aNAMAT, ALMY | |
| 245 | 1 | 0 |
_aHERMITAGE , XIV - XX / _cNAMAT, ALMY |
| 260 |
_a[S.N] : _bHERMITAGE MUSEUM ، _c1967 |
||
| 300 | _a16 P | ||
| 650 | 0 | 4 | _aRUSSIA - MUSEUM |
| 650 | 0 | 4 | _aHERMITAGE, MUSEUM |
| 650 | 0 | 4 | _aLENINGRAD, MUSEUMS |
| 650 | 0 | 4 | _aSAINT - PETERSBURG |
| 650 | 0 | 4 | _aART, RUSSIA |
| 942 |
_2ddc _cBK |
||
| 999 |
_c20628 _d20628 |
||